000 00585nam a2200157 4500
008 260619b |||||||| |||| 00| 0 eng d
020 _a9781032490465
050 _aHV 1568
_b.E95 2023
100 _aZapf Susan A.
245 _aEvidence-Based Assessment Framework for Assistive Technology :
_bThe MPT and MATCH-ACES Assessments /
_cSusan A. Zapf
260 _aLondon :
_bCRC Press,
_c2023.
300 _axxi, 247p. :
_bill. ;
_c23cm.
504 _aIncludes Bibliography references and index
650 _aAssistive technology.
942 _2lcc
_hHV 1568 .E95 2023
_cBOOKS
999 _c32544
_d32544